| 000 | 02214nam a2200325 i 4500 | ||
|---|---|---|---|
| 001 | 000038256 | ||
| 003 | DO-SdBNP | ||
| 005 | 20260511113815.0 | ||
| 007 | ta | ||
| 008 | 130405s2011 dr ac 000 0 spa d | ||
| 020 | _a9789945877007 | ||
| 040 |
_aDO-SdBNP _bspa _cBNPHU _erda |
||
| 082 |
_a327.729307294 _bR696n _222 |
||
| 100 | 1 |
_aRodríguez, Manuel _eautor _964624 |
|
| 245 | 1 | 4 |
_aLas nuevas relaciones Domínico-Haitianas / _cManuel Rodríguez. |
| 264 |
_aSanto Domingo : _bCentro de Información Gubernamental, _c2011. |
||
| 300 |
_a275 páginas : _bils., retrs. ; _c24 cm. |
||
| 336 |
_ardacontent _btexto _2txt |
||
| 337 |
_ardamedia _bsin mediación _2n |
||
| 338 |
_ardacarrier _bvolumen _2nc |
||
| 500 | _aIncluye datos biográficos del autor en la solapa de la cubierta | ||
| 500 | _aIncluye notas al pie de las páginas | ||
| 504 | _aBibliografía : p. 265-275 | ||
| 505 | _aLos primeros pobladores de Haití 15|Isla La Tortuga 22|Fundación del Estado haitiano 33|Conflicto domínico-haitiano de 1937 55|Terremoto del 12 de enero de 2010 y ayuda del gobierno dominicano 69|Entrevista a dominicana que amamantó a niños haitianos 84|Ayuda del sector privado y ONG 92|Reconocimiento al gobierno dominicano en el exterior 95|Cumbres por la reconstrucción de Haití 103|Declaración de Santo Domingo 105|Segunda cumbre en Montreal (enero de 2010) 108|Declaración Montreal 109|Tercera cumbre en Santo Domingo (marzo de 2010) 114|Declaración oficial de los copresidentes 115|Cuarta cumbre en Nueva York (marzo de 2010) 120|Declaración oficial de la cumbre de Nueva York 122|Declaración cumbre mundial sobre el futuro de Haití. Solidaridad más allá de la crisis 138|Comercio domínico-haitiano 143|Mercados binacionales 146|Características de los mercados binacionales 150|Ventajas de los mercados binacionales 153|Las nuevas relaciones domínico-haitianas 157|Apéndice 181|Galería de fotos del terremoto 225 | ||
| 590 | _aInventariado, 2023 / DG | ||
| 651 | 7 |
_aHaití _xRelaciones exteriores _zRepública Dominicana _2LIBRUNAM _92234 |
|
| 651 | 7 |
_aRepública Dominicana _xRelaciones exteriores _zHaití _2LIBRUNAM _92233 |
|
| 910 | _aDG/Validado. Control de calidad MFF | ||
| 942 |
_2ddc _cLBS1 |
||
| 999 |
_c37746 _d37746 |
||